[Event "Superettan(Kristallen-Orgryte)"]
[Site "?"]
[Date "2019.10.20"]
[Round "3"]
[White "Arnelind, Mikael"]
[Black "Naslund, Mikael"]
[Result "1/2-1/2"]
[WhiteElo "2204"]
[BlackElo "2164"]
[PlyCount "127"]
1. d4 Nf6 2. c4 e6 3. Nc3 Bb4 4. e3 O-O 5. Bd3 d5 6. Nf3 c5 7. O-O dxc4 8. Bxc4
cxd4 9. exd4 b6 10. Bg5 Bb7 11. Re1 Nbd7 12. Rc1 Rc8 13. Bd3 Bxc3 14. bxc3 Qc7
15. Bh4 Rfe8 16. Bg3 Qc6 17. c4 Red8 18. d5 exd5 19. Nd4 Qc5 20. Nf5 Ne4 21.
Qg4 g6 22. Bxe4 dxe4 23. Nd6 Nf6 24. Qf4 Rxd6 25. Qxd6 Qxd6 26. Bxd6 Nd7 27.
Red1 Nc5 28. Bxc5 Rxc5 29. Rd7 Ba6 30. Rxa7 Bxc4 31. a4 Rd5 32. h3 Bb3 33. Rc8+
Kg7 34. Rb8 Rd1+ 35. Kh2 e3 36. fxe3 Rd2 37. e4 Bc2 38. Re8 Re2 39. Kg3 Bxe4
40. Kf4 g5+ 41. Kxg5 Rxg2+ 42. Kf4 Bc6 43. Rc8 Bd5 44. Rc3 Ra2 45. Ke5 Be6 46.
Rg3+ Kh6 47. Ra6 Kh5 48. Rf3 Kh4 49. Rf4+ Kxh3 50. Rxb6 h5 51. Rbb4 Kg3 52. Kf6
Ra3 53. Kg5 Bg4 54. Rxf7 Bd1 55. Rff4 Ra2 56. Rbd4 Be2 57. Rde4 Bd1 58. Rd4 Be2
59. Kf6 Ra3 60. Ke5 Re3+ 61. Kd6 Rd3 62. a5 Rxd4+ 63. Rxd4 h4 64. Rxh4 1/2-1/2

[Event "Superettan(Vasteras II-Alingsas)"]
[Site "?"]
[Date "2019.10.20"]
[Round "3"]
[White "Sorensen, Hampus"]
[Black "Adahl, Mattias"]
[Result "1-0"]
[WhiteElo "2319"]
[BlackElo "2075"]
[PlyCount "73"]
1. d4 d5 2. c4 e6 3. Nf3 Nf6 4. Bg5 Be7 5. e3 Ne4 6. Bxe7 Qxe7 7. Bd3 O-O 8.
O-O c5 9. Qc2 Nc6 10. Bxe4 Nb4 11. Bxh7+ Kh8 12. Qb3 Kxh7 13. a3 Na6 14. cxd5
Rd8 15. dxe6 Bxe6 16. Qd3+ g6 17. Nbd2 Rd5 18. e4 Rh5 19. d5 Bg4 20. Rfe1 Rh8
21. e5 Bf5 22. Qc4 g5 23. g4 b5 24. Qxb5 Bxg4 25. Qxa6 Rh6 26. Qc4 Bf5 27. Nf1
g4 28. N3d2 Kg6 29. Qf4 Qh4 30. Ne4 Rb8 31. Neg3 Bd3 32. Qf6+ Qxf6 33. exf6
Rxb2 34. Ne3 Rh4 35. Rac1 c4 36. Nxc4 Rb8 37. Ne5+ 1-0

[Event "Superettan(Upsala-Kungstornet)"]
[Site "?"]
[Date "2019.10.20"]
[Round "3"]
[White "Andersson, Fredrik"]
[Black "Johansson, Carl Fredrik"]
[Result "1-0"]
[WhiteElo "2264"]
[BlackElo "2222"]
[PlyCount "91"]
1. d4 Nf6 2. c4 g6 3. Nc3 Bg7 4. e4 d6 5. Nf3 O-O 6. Be2 e5 7. O-O Nc6 8. d5
Ne7 9. b4 a5 10. Ba3 axb4 11. Bxb4 Re8 12. a4 Bf8 13. Ne1 c5 14. Ba3 Bg7 15.
Nd3 Rf8 16. Qb3 Ne8 17. f4 exf4 18. Nxf4 g5 19. Nd3 Ng6 20. Bb2 Nf6 21. Rf2 Qe7
22. Re1 Nd7 23. Kh1 Nde5 24. Nxe5 Nxe5 25. Ref1 h5 26. Bxh5 g4 27. Ne2 Bd7 28.
Ng3 Qh4 29. Qc3 Qg5 30. Bc1 Qh4 31. Bb2 Rxa4 32. Rxf7 Rxf7 33. Rxf7 Qg5 34. Rf1
Rxc4 35. Qb3 Rb4 36. Qc2 Qh4 37. Ba1 Ra4 38. Qf2 Kh8 39. Bxe5 dxe5 40. Qf7 Bb5
41. d6 Ra8 42. Qxb7 Ra5 43. Qc8+ Kh7 44. Qf5+ Kh8 45. Qc8+ Kh7 46. Bf7 1-0

[Event "Superettan(Kristallen-Orgryte)"]
[Site "?"]
[Date "2019.10.20"]
[Round "3"]
[White "Persson, Andreas"]
[Black "Eksmyr, Johan"]
[Result "1-0"]
[WhiteElo "2078"]
[BlackElo "2180"]
[PlyCount "79"]
1. d4 Nf6 2. c4 g6 3. Nf3 Bg7 4. g3 d5 5. cxd5 Nxd5 6. Bg2 Nb6 7. Nc3 Nc6 8. e3
a5 9. O-O a4 10. Nh4 g5 11. Nf3 Ra5 12. Ne4 g4 13. Nh4 e5 14. Nc5 exd4 15. exd4
O-O 16. Be3 Nxd4 17. Nxb7 Bxb7 18. Bxb7 f5 19. Rc1 Rb5 20. b3 axb3 21. axb3 c5
22. Ba6 Ra5 23. Bd3 f4 24. Bxd4 Qxd4 25. Nf5 Qd7 26. Qxg4 c4 27. Bxc4+ Kh8 28.
Qxg7+ Qxg7 29. Nxg7 Kxg7 30. Rfe1 f3 31. Re7+ Kh8 32. Bd3 Rd8 33. Be4 Rc5 34.
Re1 Rc3 35. b4 Nc4 36. Rxh7+ Kg8 37. Rc7 Rd4 38. Bd5+ Kf8 39. Bxc4 Re4 40. Rxe4
1-0

[Event "Superettan(Vasteras II-Alingsas)"]
[Site "?"]
[Date "2019.10.20"]
[Round "3"]
[White "Carlsson, Ludvig"]
[Black "Wengholm, Anders"]
[Result "1/2-1/2"]
[WhiteElo "2066"]
[BlackElo "2218"]
[PlyCount "84"]
1. d4 Nf6 2. c4 g6 3. Nc3 Bg7 4. e4 d6 5. Nf3 O-O 6. Be2 c5 7. O-O cxd4 8. Nxd4
Nc6 9. Be3 Bd7 10. Nc2 Rc8 11. f3 a6 12. Qd2 Ne5 13. Na3 Bc6 14. Rac1 Ned7 15.
Rfd1 b6 16. Nc2 Bb7 17. Nd4 Re8 18. Nc2 Qc7 19. Bf1 Qb8 20. Nb4 Bf8 21. Nbd5
Bc6 22. b3 e6 23. Nxf6+ Nxf6 24. Bf4 Rcd8 25. Qb2 Nd7 26. Ne2 Qc7 27. Qb1 Bb7
28. Kh1 Ne5 29. a4 Rc8 30. Qa2 Qc5 31. Rc3 h6 32. Bc1 Qc7 33. Ba3 Nd7 34. Bb4
a5 35. Ba3 Nc5 36. Nd4 Bc6 37. Rc2 Bg7 38. Re2 Red8 39. Bc1 Kh7 40. Be3 Be8 41.
Red2 Be5 42. Bg1 Bf4 1/2-1/2

[Event "Superettan(Upsala-Kungstornet)"]
[Site "?"]
[Date "2019.10.20"]
[Round "3"]
[White "Kashebayev, Azamat"]
[Black "Aronsson, Marten"]
[Result "1-0"]
[WhiteElo "2161"]
[BlackElo "2209"]
[PlyCount "120"]
1. d4 Nf6 2. c4 e6 3. Nc3 d5 4. cxd5 exd5 5. Bg5 Nbd7 6. Qc2 c6 7. e3 Bd6 8.
Bd3 Nf8 9. Nge2 Ng6 10. Ng3 O-O 11. Nf5 Bxf5 12. Bxf5 h6 13. Bxf6 Qxf6 14. g3
Ne7 15. Bh3 Qf3 16. O-O f5 17. Qb3 Rab8 18. Bg2 Qh5 19. e4 fxe4 20. Nxe4 Qg6
21. Nxd6 Qxd6 22. Bh3 Nf5 23. Bxf5 Rxf5 24. Rae1 Qf6 25. Qb4 Rf8 26. Re2 b6 27.
Rc2 Re8 28. Qa4 Re6 29. Rfc1 Qe7 30. Kf1 Rff6 31. Qa6 Qd7 32. Qd3 Re4 33. Kg2
Qe8 34. b4 b5 35. Rd2 Rfe6 36. Rdc2 Rf6 37. Rd2 Qe7 38. a3 a6 39. Rdc2 Qe8 40.
Rd2 Rfe6 41. Rdc2 Qd7 42. Rd2 Qf7 43. Ra1 Qf6 44. Rad1 Qg5 45. Rc2 Qf6 46. Rcd2
h5 47. h4 g5 48. hxg5 Qxg5 49. Rh1 h4 50. Rh3 Rg4 51. Re2 Ree4 52. Rxe4 Rxe4
53. f3 Re3 54. Qd2 Qe7 55. Kf2 Rxa3 56. Rxh4 a5 57. Rg4+ Kf7 58. Qf4+ Ke8 59.
Rg8+ Kd7 60. Qg4+ Kd6 1-0

[Event "Superettan(Kristallen-Orgryte)"]
[Site "?"]
[Date "2019.10.20"]
[Round "3"]
[White "Fransson, Patrick"]
[Black "Gamback, Bjorn"]
[Result "1-0"]
[WhiteElo "2125"]
[BlackElo "2130"]
[PlyCount "117"]
1. d4 Nf6 2. Bg5 e6 3. e3 b6 4. Nd2 Bb7 5. f4 Be7 6. Bxf6 Bxf6 7. Ngf3 d5 8.
Bd3 g6 9. Qe2 Nd7 10. O-O Bg7 11. Rae1 O-O 12. g4 f5 13. Qg2 Qe7 14. Kh1 Nf6
15. Ne5 c5 16. c3 cxd4 17. exd4 Ne4 18. Ndf3 fxg4 19. Qxg4 Rf5 20. Nh4 Bxe5 21.
dxe5 Rf7 22. Nf3 Raf8 23. Nd4 Nc5 24. Bc2 Bc8 25. Rf3 Rg7 26. h4 Ne4 27. Kg1
Rf5 28. Bxe4 dxe4 29. Rh3 Qf7 30. Rf1 Qd7 31. Rg3 Rh5 32. Kh2 Qd8 33. Kh3 Kh8
34. Rfg1 Rf7 35. Re3 Qd5 36. a3 Re7 37. Reg3 Re8 38. Re3 Ba6 39. Qd1 Bd3 40.
Qa4 Qd8 41. Rg4 Qe7 42. Qc6 Kg8 43. Ne2 Bxe2 44. Rxe2 Rd8 45. Qxe4 Kf7 46. Rg5
Rxg5 47. fxg5 Kg8 48. Rf2 Rf8 49. Rf6 Qd7 50. Qd4 Qc6 51. Kh2 Re8 52. Qd3 Qc5
53. Qd4 Qb5 54. Rf2 Qc6 55. Qf4 Qc7 56. Qf6 Qd7 57. h5 gxh5 58. g6 Qg7 59. Qf7+
1-0

[Event "Superettan(Vasteras II-Alingsas)"]
[Site "?"]
[Date "2019.10.20"]
[Round "3"]
[White "Rasti, Arvin"]
[Black "Gillefalk, Bjorn"]
[Result "1-0"]
[WhiteElo "2182"]
[BlackElo "2058"]
[PlyCount "55"]
1. Nf3 d5 2. c4 e6 3. g3 Nf6 4. Bg2 Be7 5. O-O O-O 6. b3 d4 7. e3 c5 8. exd4
cxd4 9. d3 Nc6 10. Bg5 Nd7 11. Bxe7 Qxe7 12. a3 a5 13. Nbd2 Nc5 14. Ne4 e5 15.
Nxc5 Qxc5 16. Qd2 h6 17. b4 Qd6 18. c5 Qf6 19. b5 Bg4 20. Qe2 e4 21. Qxe4 Bf5
22. Qf4 g5 23. Qd6 Qxd6 24. cxd6 Na7 25. a4 Bxd3 26. Rfd1 Bc2 27. Rxd4 Rad8 28.
Ne1 1-0

[Event "Superettan(Upsala-Kungstornet)"]
[Site "?"]
[Date "2019.10.20"]
[Round "3"]
[White "Henriksson, Johan"]
[Black "Attefall, Fredrik"]
[Result "1/2-1/2"]
[WhiteElo "2264"]
[BlackElo "2040"]
[PlyCount "88"]
1. d4 d5 2. Nf3 Nf6 3. c4 c6 4. Nc3 dxc4 5. e4 b5 6. Be2 e6 7. O-O Be7 8. a4 b4
9. e5 bxc3 10. exf6 Bxf6 11. bxc3 Ba6 12. Ba3 Nd7 13. Nd2 Be7 14. Bxc4 Bxc4 15.
Nxc4 O-O 16. Qf3 c5 17. Rfd1 cxd4 18. Rxd4 Bxa3 19. Nxa3 Qc8 20. Rad1 Nf6 21.
Nb5 h6 22. h3 Qc5 23. c4 Rab8 24. Qg3 a6 25. Qd6 Qxd6 26. Nxd6 Rfd8 27. c5 Nd5
28. Rc1 Kf8 29. Ne4 Ke7 30. Kf1 Rb4 31. Rxb4 Nxb4 32. c6 Rc8 33. c7 f5 34. Rc4
a5 35. Nc3 Nd5 36. Nb5 Kd7 37. Rc5 Nb6 38. Rc2 Nd5 39. Rc5 Nb6 40. Rc2 Nd5 41.
Rd2 Ke7 42. Rc2 Kd7 43. Rd2 Ke7 44. Rc2 Kd7 1/2-1/2

[Event "Superettan(Kristallen-Orgryte)"]
[Site "?"]
[Date "2019.10.20"]
[Round "3"]
[White "Hesselborn, Per Ove"]
[Black "Troberg Eskola, Love"]
[Result "0-1"]
[WhiteElo "2133"]
[BlackElo "2143"]
[PlyCount "132"]
1. d4 d5 2. Nf3 Nf6 3. Bf4 c5 4. c3 Nc6 5. e3 Qb6 6. Qb3 c4 7. Qc2 Bf5 8. Qc1
e6 9. Nbd2 h6 10. Be2 Be7 11. Ne5 Bh7 12. O-O O-O 13. Re1 Rfc8 14. Bf3 Nxe5 15.
Bxe5 Nd7 16. Bg3 f5 17. Bd1 Qc6 18. Bc2 b5 19. a3 a5 20. f3 Nf6 21. e4 fxe4 22.
fxe4 Nxe4 23. Nxe4 dxe4 24. Qb1 b4 25. axb4 axb4 26. Rxa8 Rxa8 27. Bxe4 Bxe4
28. Qxe4 Qxe4 29. Rxe4 b3 30. Re1 Ra2 31. Rb1 Kf7 32. Bf4 Kg6 33. Kf2 Kf5 34.
Kf3 h5 35. h3 h4 36. Be3 Bd6 37. Bc1 Bg3 38. Bd2 g5 39. Bc1 Bd6 40. Bd2 Bc7 41.
Bc1 Bf4 42. Be3 Bg3 43. Bg1 Ra5 44. Be3 e5 45. dxe5 Bxe5 46. Bd4 Bxd4 47. cxd4
Ra2 48. Ke3 c3 49. bxc3 Rxg2 50. Rxb3 Rg3+ 51. Kf2 Kf4 52. Rb5 Rxh3 53. d5 Rxc3
54. d6 Rd3 55. Rb6 Rd4 56. Kg2 Kg4 57. Kh2 Rd2+ 58. Kg1 h3 59. Ra6 Kg3 60. Ra3+
Kh4 61. Ra6 g4 62. Rb6 Rd1+ 63. Kf2 g3+ 64. Ke2 g2 65. Rb4+ Kg3 66. Rb3+ Kh2
0-1

[Event "Superettan(Vasteras II-Alingsas)"]
[Site "?"]
[Date "2019.10.20"]
[Round "3"]
[White "Bjorkman, Filip"]
[Black "Bergre, Joachim"]
[Result "0-1"]
[WhiteElo "1996"]
[BlackElo "1909"]
[PlyCount "56"]
1. e4 d6 2. d4 g6 3. Nf3 Bg7 4. Bc4 Nf6 5. Qe2 O-O 6. h3 c6 7. Bg5 e5 8. dxe5
dxe5 9. O-O Nbd7 10. Nbd2 Qc7 11. Rad1 h6 12. Bh4 Nh5 13. c3 Nf4 14. Qe3 Re8
15. Bb3 Nb6 16. a4 a5 17. Nc4 Nxc4 18. Bxc4 Be6 19. Nd2 g5 20. Bg3 Bf8 21. Qf3
Qc8 22. Rfe1 Rb8 23. Bxf4 exf4 24. h4 Bg4 25. Qd3 Bxd1 26. Rxd1 Qg4 27. f3 Bc5+
28. Kf1 Qxh4 0-1

[Event "Superettan(Upsala-Kungstornet)"]
[Site "?"]
[Date "2019.10.20"]
[Round "3"]
[White "Marttala, Thomas"]
[Black "Engstrom, Kaj"]
[Result "1-0"]
[WhiteElo "2113"]
[BlackElo "2213"]
[PlyCount "63"]
1. e4 c5 2. Nf3 e6 3. Nc3 a6 4. Be2 Nc6 5. O-O Nd4 6. d3 Ne7 7. Nxd4 cxd4 8.
Nb1 Nc6 9. f4 Bc5 10. Nd2 d6 11. Kh1 O-O 12. a3 a5 13. Qe1 Ne7 14. c3 a4 15.
Nf3 Nc6 16. Qg3 f5 17. exf5 Rxf5 18. Bd2 Bd7 19. Ng5 h6 20. Ne4 Ne7 21. Bg4 Rf8
22. cxd4 Bxd4 23. Bc3 Qb6 24. Qe1 Nf5 25. Bxf5 exf5 26. Bxd4 Qxd4 27. Qc3 Qb6
28. Nd2 Rac8 29. Nc4 Qc5 30. Qb4 d5 31. Nb6 Rc7 32. Qxc5 1-0

[Event "Superettan(Rockaden,SthlmII-Kamraterna)"]
[Site "?"]
[Date "2019.10.20"]
[Round "3"]
[White "Svensson, Bengt"]
[Black "Engqvist, Thomas"]
[Result "1/2-1/2"]
[WhiteElo "2310"]
[BlackElo "2325"]
[PlyCount "49"]
[EventDate "2019.??.??"]
1. e4 c6 2. Nf3 d5 3. exd5 cxd5 4. Ne5 Nc6 5. d4 Nf6 6. Bb5 Bd7 7. Nxd7 Qxd7 8.
c3 e6 9. Bf4 Bd6 10. Bxd6 Qxd6 11. O-O O-O 12. Nd2 a6 13. Bd3 e5 14. dxe5 Nxe5
15. Nf3 Rfe8 16. Re1 Nxd3 17. Qxd3 Qb6 18. Qc2 Qc5 19. h3 g6 20. Qd3 Ne4 21.
Re3 Nf6 22. Rae1 Re4 23. Nd2 Rxe3 24. Rxe3 Re8 25. Rxe8+ 1/2-1/2

[Event "Superettan(Rockaden,Umea-Schack 08)"]
[Site "?"]
[Date "2019.10.20"]
[Round "3"]
[White "Rosberg, Simon"]
[Black "Lindgren, Fredrik"]
[Result "1-0"]
[WhiteElo "2324"]
[BlackElo "2262"]
[PlyCount "79"]
[EventDate "2019.??.??"]
1. Nf3 g6 2. c4 Bg7 3. d4 d6 4. g3 Nf6 5. Bg2 O-O 6. O-O Nc6 7. Nc3 Nd7 8. e4
e5 9. Bg5 Bf6 10. Bxf6 Qxf6 11. Nd5 Qd8 12. Rc1 Ne7 13. c5 Nxd5 14. exd5 exd4
15. cxd6 cxd6 16. Re1 d3 17. Qxd3 Nc5 18. Qd4 a5 19. h4 Bf5 20. g4 Bd7 21. h5
f5 22. gxf5 Rxf5 23. hxg6 hxg6 24. Rc3 Qf8 25. Qd2 Qf6 26. Nd4 Rg5 27. Rf3 Bf5
28. Ne6 Rg4 29. Qh6 Ne4 30. Rxe4 Rxe4 31. Rxf5 Re1+ 32. Kh2 Qh8 33. Qxh8+ Kxh8
34. Rf7 Re2 35. Rxb7 Rxf2 36. Kg3 Re2 37. Nf4 Rd2 38. Nxg6+ Kg8 39. Bh3 Rd3+
40. Kh4 1-0

[Event "Superettan(Rockaden,SthlmII-Kamraterna)"]
[Site "?"]
[Date "2019.10.20"]
[Round "3"]
[White "Zadruzny, Nicolaj"]
[Black "Hamark, Jesper"]
[Result "1-0"]
[WhiteElo "2278"]
[BlackElo "2361"]
[PlyCount "75"]
1. e4 c5 2. Nf3 g6 3. d4 cxd4 4. Nxd4 Bg7 5. c4 Nc6 6. Be3 Qb6 7. Nb3 Qd8 8.
Nd4 Qb6 9. Nb3 Qd8 10. Qd2 Nf6 11. Nc3 Ng4 12. Bf4 d6 13. Be2 O-O 14. O-O Nge5
15. Rac1 Be6 16. Nd5 f5 17. exf5 Bxf5 18. Bh6 Bxh6 19. Qxh6 b6 20. Qe3 e6 21.
Nc3 Qh4 22. f4 Nf7 23. Qf3 Rac8 24. g4 Nfe5 25. fxe5 Nxe5 26. Qg3 Qxg3+ 27.
hxg3 Bxg4 28. Bxg4 Rxf1+ 29. Rxf1 Nxg4 30. Nd2 Kg7 31. Rf4 Ne5 32. Rd4 Rd8 33.
Nb5 Nf7 34. Ne4 d5 35. Nc7 Kh6 36. Nxe6 Re8 37. N4g5 Nxg5 38. Rh4# 1-0

[Event "Superettan(Rockaden,Umea-Schack 08)"]
[Site "?"]
[Date "2019.10.20"]
[Round "3"]
[White "Malmstig, Erik"]
[Black "Ingbrant, Johan"]
[Result "0-1"]
[WhiteElo "2257"]
[BlackElo "2355"]
[PlyCount "96"]
1. d4 d5 2. c4 dxc4 3. e4 Nc6 4. Nf3 Nf6 5. Nc3 Bg4 6. Be3 e6 7. Bxc4 Bb4 8.
Qc2 O-O 9. Rd1 Bxf3 10. gxf3 Nh5 11. h4 Qf6 12. a3 Ba5 13. Rg1 e5 14. Bg5 Qd6
15. dxe5 Qxe5 16. Rd5 Qh2 17. Rf1 Bb6 18. Ne2 Ne5 19. Qc3 Nxc4 20. Qxc4 Rae8
21. Bd2 Qxh4 22. a4 c6 23. Rg5 Rd8 24. Rg4 Qf6 25. Qb3 Qe6 26. Qxe6 fxe6 27. a5
Rxd2 28. Kxd2 Bxa5+ 29. Kc2 Bb6 30. Rh1 Nf6 31. Rg2 g6 32. Nf4 e5 33. Ne6 Re8
34. Ng5 Bd4 35. b3 a5 36. Rd1 c5 37. Nh3 b5 38. Rb1 Nd7 39. Kd3 c4+ 40. bxc4
Nc5+ 41. Kd2 b4 42. Ng1 Bc3+ 43. Kc1 Nd3+ 44. Kd1 Nf4 45. Rh2 a4 46. Kc2 Rd8
47. Rd1 Rxd1 48. Kxd1 a3 0-1

[Event "Superettan(Rockaden,SthlmII-Kamraterna)"]
[Site "?"]
[Date "2019.10.20"]
[Round "3"]
[White "Svenn, Gosta"]
[Black "Kenneskog, Theodor"]
[Result "1/2-1/2"]
[WhiteElo "2285"]
[BlackElo "2278"]
[PlyCount "91"]
1. d4 Nf6 2. c4 g6 3. Nc3 d5 4. cxd5 Nxd5 5. Bd2 Bg7 6. e4 Nxc3 7. Bxc3 c5 8.
d5 Bxc3+ 9. bxc3 O-O 10. Nf3 Bg4 11. Be2 Bxf3 12. Bxf3 Qd6 13. O-O Nd7 14. Rb1
b6 15. Re1 Rad8 16. g3 c4 17. Be2 Rc8 18. Rb4 a5 19. Rxc4 Rxc4 20. Bxc4 Rc8 21.
Bb5 Rxc3 22. Bxd7 Qxd7 23. Qd4 Rc5 24. Rd1 Qc7 25. e5 Rc4 26. Qe3 Qc5 27. Qxc5
Rxc5 28. d6 exd6 29. exd6 Rc8 30. d7 Rd8 31. a4 Kf8 32. Rd6 Ke7 33. Rxb6 Rxd7
34. Rb5 Ra7 35. h4 h5 36. Kg2 Ra6 37. Kf3 Kf6 38. Kf4 Kg7 39. f3 Rc6 40. Rxa5
Rc4+ 41. Ke3 Rb4 42. f4 Rb3+ 43. Kf2 Rb2+ 44. Kf3 Rb3+ 45. Kf2 Rb2+ 46. Kf3
1/2-1/2

[Event "Superettan(Rockaden,Umea-Schack 08)"]
[Site "?"]
[Date "2019.10.20"]
[Round "3"]
[White "Laveryd, Peter"]
[Black "Wickstrom, Lucas"]
[Result "0-1"]
[WhiteElo "2367"]
[BlackElo "2337"]
[PlyCount "84"]
1. e4 c5 2. Nc3 a6 3. g3 b5 4. Bg2 Bb7 5. d3 Nc6 6. f4 e6 7. Nh3 d6 8. O-O Nf6
9. f5 b4 10. e5 dxe5 11. Ne4 exf5 12. Rxf5 Qd4+ 13. Rf2 Be7 14. Nhg5 Nxe4 15.
Bxe4 Bxg5 16. Bxg5 Qd7 17. Qh5 Nd4 18. Raf1 g6 19. Rxf7 gxh5 20. Rxd7 Kxd7 21.
Rf7+ Kd6 22. Rxb7 Nc6 23. Bf5 Ra7 24. Rxa7 Nxa7 25. Be4 Nc6 26. Kf2 Nd4 27. c3
bxc3 28. bxc3 Ne6 29. Bc1 Rb8 30. Ke2 h6 31. h4 Rb1 32. Bxh6 Ra1 33. Kf3 Rxa2
34. g4 hxg4+ 35. Kxg4 a5 36. h5 a4 37. Bc1 Rc2 38. h6 Nf8 39. Ba3 Rxc3 40. Bb2
Rb3 41. Ba1 Rb1 42. Bc3 a3 0-1

[Event "Superettan(Rockaden,SthlmII-Kamraterna)"]
[Site "?"]
[Date "2019.10.20"]
[Round "3"]
[White "Nikolic, Vladan"]
[Black "Aberg, Anton"]
[Result "1-0"]
[WhiteElo "2198"]
[BlackElo "2352"]
[PlyCount "141"]
1. d4 f5 2. Nc3 Nf6 3. Bg5 g6 4. h4 Bg7 5. h5 Nxh5 6. e4 O-O 7. Bc4+ Kh8 8.
exf5 Rxf5 9. Qd2 d5 10. Be2 Rf7 11. g4 Nf6 12. f3 Kg8 13. O-O-O Nbd7 14. Nh3
Nf8 15. Rh2 c6 16. Rdh1 b5 17. Nd1 N6d7 18. Ndf2 Qc7 19. Be3 e5 20. dxe5 Bxe5
21. f4 Bd6 22. Rg2 Re7 23. f5 Nf6 24. Bd3 Ne4 25. Nxe4 dxe4 26. Bxb5 cxb5 27.
Qd5+ Be6 28. Qxa8 Bxa2 29. fxg6 hxg6 30. Rf1 Rf7 31. Rxf7 Bxf7 32. Qxe4 Qa5 33.
Bd4 Qa1+ 34. Kd2 Qf1 35. Nf2 Bb4+ 36. c3 Bd6 37. Nd3 Bb3 38. Qe2 Qb1 39. Rg1
Qc2+ 40. Ke3 Qxe2+ 41. Kxe2 a5 42. Rf1 Be6 43. Kf3 Bd5+ 44. Ke3 Ne6 45. Ne5 Be7
46. Nxg6 Bg5+ 47. Kf2 Nxd4 48. cxd4 a4 49. Kg3 Bc4 50. Rf2 b4 51. Rf5 Bc1 52.
Rc5 Bxb2 53. Rxc4 a3 54. Rxb4 a2 55. Ra4 a1=Q 56. Rxa1 Bxa1 57. Ne7+ Kf7 58.
Nf5 Kg6 59. Kf4 Bb2 60. Nh4+ Kh6 61. Nf3 Kg6 62. d5 Kf6 63. g5+ Ke7 64. Ke4 Bc3
65. Ne5 Kd6 66. Nc4+ Ke7 67. Kf5 Bd4 68. Kg6 Kf8 69. Kh7 Bc3 70. Nd6 Be5 71.
Nf5 1-0

[Event "Superettan(Rockaden,Umea-Schack 08)"]
[Site "?"]
[Date "2019.10.20"]
[Round "3"]
[White "Nygren, David"]
[Black "Nyander, Joakim"]
[Result "1-0"]
[WhiteElo "2278"]
[BlackElo "2278"]
[PlyCount "79"]
1. e4 c5 2. c3 e6 3. d4 d5 4. exd5 Qxd5 5. Nf3 Nf6 6. Be2 Nc6 7. O-O cxd4 8.
cxd4 Be7 9. Nc3 Qd6 10. Nb5 Qd8 11. Bf4 Nd5 12. Bg3 O-O 13. Rc1 a6 14. Nc3 Nxc3
15. bxc3 Bd7 16. Rb1 b5 17. a4 b4 18. c4 Qa5 19. Qd3 Rfd8 20. Bd1 Be8 21. Bc2
Qh5 22. Qe4 Rac8 23. Rfd1 Na5 24. c5 Nc6 25. Bd3 Ra8 26. Bc4 Qg6 27. Qe1 Qf5
28. Bd3 Qh5 29. Be4 a5 30. Bc7 Rdc8 31. Bb6 Bf6 32. d5 exd5 33. Rxd5 Qh6 34.
Rd6 Qf4 35. g3 Qg4 36. Kg2 Bc3 37. Qe3 Qh5 38. Rbd1 Kh8 39. R1d5 Qg4 40. h3 1-0

[Event "Superettan(Rockaden,SthlmII-Kamraterna)"]
[Site "?"]
[Date "2019.10.20"]
[Round "3"]
[White "Madebrink, Lars"]
[Black "Bryntze, Stefan"]
[Result "1/2-1/2"]
[WhiteElo "2175"]
[BlackElo "2180"]
[PlyCount "84"]
1. d4 f5 2. c4 e6 3. Nf3 Nf6 4. g3 Bb4+ 5. Nbd2 b6 6. Bg2 Bb7 7. O-O O-O 8. a3
Bxd2 9. Bxd2 Qe8 10. Bc3 Qh5 11. d5 Ne4 12. Bb4 Re8 13. dxe6 dxe6 14. Qc2 Nd7
15. Rad1 Ndf6 16. h3 c5 17. Bc3 Nxc3 18. Qxc3 e5 19. b4 e4 20. Ne5 Re7 21. f4
exf3 22. exf3 Rae8 23. Rde1 f4 24. gxf4 Qh4 25. bxc5 bxc5 26. Nd3 Nh5 27. Rxe7
Rxe7 28. Qa5 Re2 29. Rf2 Rxf2 30. Nxf2 Nxf4 31. Qb5 Qe7 32. Ne4 Bxe4 33. fxe4
Nxg2 34. Kxg2 Qxe4+ 35. Kg3 Qe5+ 36. Kf3 h6 37. a4 Qc3+ 38. Kg2 Qd2+ 39. Kf3
Qd3+ 40. Kg2 Qe2+ 41. Kg3 Qe3+ 42. Kg2 Qe2+ 1/2-1/2

[Event "Superettan(Rockaden,Umea-Schack 08)"]
[Site "?"]
[Date "2019.10.20"]
[Round "3"]
[White "Ottenklev, Niclas"]
[Black "Eriksson, Jorgen"]
[Result "1/2-1/2"]
[WhiteElo "2193"]
[BlackElo "2181"]
[PlyCount "73"]
1. e4 d6 2. d4 Nf6 3. f3 g6 4. Be3 Bg7 5. Nc3 Nc6 6. Nge2 a6 7. Qd2 h5 8. g3
Rb8 9. Bg2 b5 10. O-O Bd7 11. Nd1 e5 12. c3 O-O 13. Bg5 Qc8 14. Nf2 Nh7 15. Be3
f5 16. f4 Nf6 17. exf5 gxf5 18. fxe5 dxe5 19. dxe5 Nxe5 20. Bc5 Re8 21. Rae1
Nf7 22. Nf4 Ne5 23. Nd5 Nxd5 24. Bxd5+ Be6 25. Nh3 Bxd5 26. Qxd5+ Qe6 27. Qxe6+
Rxe6 28. Kg2 Rc6 29. Ba3 Nd3 30. Re7 Bf8 31. Rd7 Bxa3 32. bxa3 Rxc3 33. Rxf5
Re8 34. Rg5+ Kf8 35. Rf5+ Kg8 36. Rg5+ Kf8 37. Rf5+ 1/2-1/2

[Event "Superettan(Rockaden,SthlmII-Kamraterna)"]
[Site "?"]
[Date "2019.10.20"]
[Round "3"]
[White "Eriksson, Dan"]
[Black "Svenn, Matti"]
[Result "0-1"]
[WhiteElo "2202"]
[BlackElo "2187"]
[PlyCount "62"]
1. e4 d6 2. d4 Nf6 3. Nc3 g6 4. f4 Bg7 5. Nf3 O-O 6. Be3 b6 7. e5 Ng4 8. Bg1 c5
9. Bc4 Nc6 10. h3 Nh6 11. Bd5 Bb7 12. e6 Na5 13. exf7+ Nxf7 14. Be6 Bc8 15. Ng5
Bxe6 16. Nxe6 Qd7 17. Nxf8 Rxf8 18. Ne2 cxd4 19. Bxd4 e5 20. Bc3 Nc4 21. Qd3
Qc6 22. O-O-O b5 23. Qd5 Qa6 24. Kb1 Ne3 25. Qe6 Nxd1 26. Rxd1 b4 27. Bxb4 Qxe2
28. Re1 Qb5 29. Bc3 Re8 30. Qg4 e4 31. Bxg7 Kxg7 0-1

[Event "Superettan(Rockaden,Umea-Schack 08)"]
[Site "?"]
[Date "2019.10.20"]
[Round "3"]
[White "Krantz, Christopher"]
[Black "Karlsson, Tomas"]
[Result "0-1"]
[WhiteElo "2217"]
[BlackElo "2303"]
[PlyCount "80"]
1. e4 e6 2. d4 d5 3. exd5 exd5 4. Nf3 Nf6 5. Bd3 Bd6 6. Qe2+ Qe7 7. Qxe7+ Bxe7
8. Bf4 c5 9. dxc5 Bxc5 10. O-O O-O 11. Nc3 Be6 12. Nb5 Nc6 13. Bd6 Bxd6 14.
Nxd6 Rab8 15. Nb5 Bg4 16. Nbd4 Rfe8 17. h3 Bxf3 18. Nxf3 Kf8 19. c3 d4 20. c4
Ne4 21. Bxe4 Rxe4 22. Rfe1 Rxe1+ 23. Nxe1 f6 24. Nd3 Ke7 25. Kf1 Ne5 26. Nxe5
fxe5 27. Ke2 Kd6 28. Kd3 b5 29. c5+ Kxc5 30. Ke4 Rf8 31. f3 Kd6 32. Rc1 g5 33.
b4 Rf4+ 34. Kd3 Rf7 35. Rc8 Rc7 36. Rg8 Rc3+ 37. Ke4 Re3+ 38. Kf5 Kd5 39. Kxg5
d3 40. f4 Rg3+ 0-1

[Event "Superettan(Rockaden,SthlmII-Kamraterna)"]
[Site "?"]
[Date "2019.10.20"]
[Round "3"]
[White "Al Waeli, Laith"]
[Black "Svorono, Gabriel"]
[Result "1/2-1/2"]
[WhiteElo "2056"]
[BlackElo "2082"]
[PlyCount "91"]
1. d4 Nf6 2. c4 e6 3. Nc3 Bb4 4. e3 O-O 5. Nf3 c5 6. Bd3 b6 7. O-O Bb7 8. a3
Bxc3 9. bxc3 d6 10. Nd2 e5 11. d5 Nbd7 12. e4 Re8 13. f3 Nf8 14. Rf2 h5 15. g3
Bc8 16. Qf1 Bd7 17. h3 h4 18. g4 Ng6 19. Nb3 Ba4 20. Bc2 Nf4 21. Bxf4 exf4 22.
Nd4 Bxc2 23. Nc6 Qc8 24. Rxc2 Nd7 25. Rb2 Nb8 26. Nxb8 Rxb8 27. a4 Re7 28. Qc1
g5 29. Qc2 Qd8 30. Rab1 Reb7 31. Kf2 Kg7 32. Qb3 a6 33. Qa3 Qd7 34. Rb3 Kg6 35.
R1b2 Kf6 36. Qa1 Kg6 37. Qb1 Kg7 38. Qa2 Kf6 39. Qa1 Kg7 40. Kg1 Kh8 41. Re2
Kg8 42. Rb1 Qe8 43. Rbe1 Qe5 44. Ra2 Qe8 45. Rae2 Qe5 46. Ra2 1/2-1/2

[Event "Superettan(Rockaden,Umea-Schack 08)"]
[Site "?"]
[Date "2019.10.20"]
[Round "3"]
[White "Bjorkeroth, Johan"]
[Black "Mardell, Jimmy"]
[Result "1/2-1/2"]
[WhiteElo "2147"]
[BlackElo "2147"]
[PlyCount "44"]
1. e4 c5 2. Nc3 Nc6 3. g3 g6 4. Bg2 Bg7 5. d3 Nf6 6. Nge2 d6 7. h3 O-O 8. O-O
Rb8 9. f4 Bd7 10. f5 b5 11. Nf4 b4 12. Ncd5 Nxd5 13. Nxd5 e6 14. Ne3 Ne5 15. g4
gxf5 16. gxf5 Qh4 17. Bd2 Kh8 18. Qe1 Bf6 19. fxe6 fxe6 20. Qxh4 Bxh4 21. Rxf8+
Rxf8 22. Rf1 Kg7 1/2-1/2

[Event "Superettan(Rockaden,SthlmII-Kamraterna)"]
[Site "?"]
[Date "2019.10.20"]
[Round "3"]
[White "Alarik, Martin"]
[Black "Borvander, Tom"]
[Result "1/2-1/2"]
[WhiteElo "2064"]
[BlackElo "2096"]
[PlyCount "45"]
1. d4 Nf6 2. c4 g6 3. g3 Bg7 4. Bg2 O-O 5. Nf3 d6 6. O-O Nc6 7. Nc3 a6 8. d5
Na5 9. b3 c5 10. dxc6 Nxc6 11. Bb2 Ng4 12. Qd2 Bh6 13. e3 Bg7 14. Nd5 Bxb2 15.
Qxb2 Rb8 16. Rfd1 Be6 17. Nf4 Bd7 18. Rac1 Nf6 19. b4 Qb6 20. a3 Rbe8 21. h3
Na5 22. Qa2 Nc6 23. Qb2 1/2-1/2